Manual de hidrografía práctica

Saved in:
Bibliografiske detaljer
Hovedforfatter: Uribe, Luis (Author)
Format: Bog
Sprog:spansk
Udgivet: Valparaíso Imprenta de La Patria, calle del Almendro, núm. 16 1875
Udgivelse:1a. ed
Fag:
Tags: Tilføj Tag
Ingen Tags, Vær først til at tagge denne postø!

MARC

LEADER 00000nam a2200000 a 4500
001 UCJ8350
003 CL-VaPUC
008 070124e18750000CL |||||||||||||||||spa|d
082 0 4 |a 918.3  |b URI  |2 21 
100 0 |a Uribe, Luis  |e author  |9 504476 
245 1 0 |a Manual de hidrografía práctica 
246 1 0 |a Compilación hecha a la vista de las mejores obras inglesas que tratan sobre la materia. Por Luis Uribe, Teniente de Marina 
250 |a 1a. ed 
300 |a 72 p 
942 |c BK 
945 |d 20070124 00:00:00  |a rinostro 
260 |a Valparaíso  |b Imprenta de La Patria, calle del Almendro, núm. 16  |c 1875 
500 |a El Teniente Don Luis Uribe, en 1879 y con el grado de Capitán de Corbeta, fué, junto al Capitán Arturo Prat, protagonista del Combate Naval de Iquique, del 21 de mayo de 1879 
650 7 |a HIDROGRAFIA  |2 CL-VaPUC  |9 261115 
650 7 |a DERROTAS NAUTICAS  |2 CL-VaPUC  |9 333989 
650 7 |a INSTRUMENTOS NAUTICOS  |2 CL-VaPUC  |9 511731 
650 0 |a Navegación   |9 255384 
583 |a last modification  |c 20070124 00:00:00  |k Rodrigo Vera 
999 |c 324105  |d 324103 
952 |0 0  |1 0  |4 0  |6 918_300000000000000_URI_1875  |7 0  |8 X  |9 404017  |a FDOBUD  |b FDOBUD  |d 2019-11-22  |i 1076590  |o 918.3 URI 1875  |p 1076590  |r 2019-11-22  |w 2019-11-22  |y BK_X  |k BUD